| 000 | 01387nam a2200337 c 4500 | ||
|---|---|---|---|
| 003 | BLK | ||
| 005 | 20180422100050.0 | ||
| 008 | 180407b bul|||||r ||||||| ||bul|| | ||
| 010 | _aKNG00034671000 | ||
| 020 |
_a954-427-417-0 _bиздат.: Абагар |
||
| 040 | _aBLK | ||
| 041 |
_aBUL _cBUL |
||
| 080 |
_aТеория на литературата. Литературна техника _b82.01/.09 _x(497.2)(091) _z82.01/.09(497.2)(091) |
||
| 100 | 1 |
_aНиколов, Никола _eпърви автор _9364408 |
|
| 139 |
_aНиколов, Никола _bН 74 |
||
| 245 | 1 | 0 |
_aБългарското литературознание през вековете _bПоетика, наука за словесността, литературознание _cНикола Николов. |
| 257 | _aBGR | ||
| 260 |
_аВ. Търново _bАбагар _c2000 |
||
| 300 |
_a264 с. _c22 см |
||
| 380 | _a82 | ||
| 500 | _aОфс. изд. - 600 тир. - Библиогр. под линия. | ||
| 650 | 4 |
_aЛитературознание - България - история _9271986 |
|
| 653 | _aбългарско литературознание | ||
| 653 | _aлитературознание | ||
| 653 | _aпоетика | ||
| 852 | _aЦб 206876 | ||
| 856 | 4 |
_qpdf _u |
|
| 856 | 4 |
_qpdf _u |
|
| 942 |
_cKNG _n0 |
||
| 944 |
_aCR _c15.01.2003 _kГеновева_Генчева |
||
| 944 |
_aED _c04.06.2004 _k |
||
| 999 |
_c32002 _d32002 |
||